Dual battery management systems (EME) (Record no. 181700)
[ view plain ]
| 000 -LEADER | |
|---|---|
| fixed length control field | 00632 a2200169 4500 |
| 003 - CONTROL NUMBER IDENTIFIER | |
| control field | Nust |
| 005 - DATE AND TIME OF LATEST TRANSACTION | |
| control field | 20170207153218.0 |
| 040 ## - CATALOGING SOURCE | |
| Transcribing agency | Nust |
| 082 ## - DEWEY DECIMAL CLASSIFICATION NUMBER | |
| Classification number | 621.382 |
| 100 ## - MAIN ENTRY--PERSONAL NAME | |
| Personal name | Khan, Muhammad Ajmal |
| 245 ## - TITLE STATEMENT | |
| Title | Dual battery management systems (EME) |
| Statement of responsibility, etc. | Col Muhammad Ajmal Khan |
| 260 ## - PUBLICATION, DISTRIBUTION, ETC. | |
| Place of publication, distribution, etc. | Rawalpindi |
| Name of publisher, distributor, etc. | EME, NUST |
| Date of publication, distribution, etc. | 1995 |
| 300 ## - PHYSICAL DESCRIPTION | |
| Extent | 90p. |
| 505 ## - FORMATTED CONTENTS NOTE | |
| Formatted contents note | Introduction (page-1), Switch mode power supplies (page-4), Switching techniques (page-16), Battery charging requirements (page-29), The dual battery management system (page-36), Evaluation of the system development (page-51). |
| 538 ## - SYSTEM DETAILS NOTE | |
| System details note | Almirah No 69 Shelf No 2 |
| 650 ## - SUBJECT ADDED ENTRY--TOPICAL TERM | |
| Topical term or geographic name entry element | MSEE Thesis |
| 942 ## - ADDED ENTRY ELEMENTS (KOHA) | |
| Koha item type | |
| Withdrawn status | Lost status | Source of classification or shelving scheme | Damaged status | Not for loan | Collection code | Permanent Location | Current Location | Date acquired | Total Checkouts | Full call number | Barcode | Date last seen | Price effective from | Koha item type |
|---|---|---|---|---|---|---|---|---|---|---|---|---|---|---|
| Military College of Signals (MCS) | Military College of Signals (MCS) | 12/12/2016 | 621.382 KHA | MCSTEE-50 | 12/08/2016 | 12/12/2016 | Book |
